000 00291nam a22001337a 4500
008 181011b xxu||||| |||| 00| 0 eng d
020 _a9780195174632
041 _aeng
080 _22nd
_a101
100 _a24
101 _aFIL
245 _aExistencialism
_cSolomon, R.C
942 _2udc
_cBK
999 _c49422
_d49422